| 000 | 01890nam a22003137a 4500 | ||
|---|---|---|---|
| 003 | PE SENCICO BE | ||
| 005 | 20251020182621.0 | ||
| 008 | 221128b |||a|||| |||| 00| 0 eng d | ||
| 020 | _a978-612-00-0577-4 | ||
| 040 |
_aPE SENCICO BE _cPE SENCICO BE |
||
| 041 | _aspa | ||
| 082 |
_a526.9 _bM42 |
||
| 100 | 1 |
_9114 _aMendoza Dueñas, Jorge _eautor |
|
| 245 | 1 |
_aTopografía : _btécnicas modernas / _cJorge Mendoza Dueñas |
|
| 250 | _a[1a ed.] | ||
| 260 |
_aLima: _beditores Maraucano E.I.R.L., _c2017 |
||
| 300 |
_a691 páginas : _bil., gráf.; _c21 cm. |
||
| 504 | _aBibliografía: p. [692] | ||
| 505 | 0 | _aCapítulo 1: Generalidades. Capítulo 2: Teoría de observaciones. Capítulo 3: Equipos básicos de altimetría. Capítulo 4: Altimetría. Capítulo 5: El Teodolito. Capítulo 6: Medida de ángulos y direcciones. Capítulo 7: La Brújula. Capítulo 8: Medición de distancias. Capítulo 9: Equipos en la medición de distancias. Capítulo 10: Redes de apoyo planimétricos. Capítulo 11: Taquimetría. Capítulo 12: Ajuste en los circuitos topográficos, aplicando el método de mínimos cuadrados. Capítulo 13: Análisis de errores accidentales en las mediciones topográficas ( angulares y lineales ). Capítulo 14: Métodos planimétricos y sus errores accidentales. Capítulo 15: Diseño geométrico de carreteras. Capítulo 16: Principios básicos de geodesia y cartografía. | |
| 520 | 3 | _aRefiere al desarrollo tecnológico de equipos de mediciones lineales y / o angulares de modo fácil, dinámico y entretenido para el aprendizaje del conocimiento de esta disciplina. | |
| 650 | 1 | 0 |
_aTopografía _94 |
| 650 | 2 | 0 |
_aInstrumentos de topografía _9997 |
| 650 | 2 | 0 |
_aAltimetría _93228 |
| 650 | 2 | 0 |
_aTaquimetría _9912 |
| 650 | 2 | 0 |
_aDiseño geométrico de carreteras _9220 |
| 650 | 2 | 0 |
_aMedición de distancias _93260 |
| 910 |
_ahfp _bhfp _chfp |
||
| 942 |
_2ddc _cLIB |
||
| 999 |
_c3649 _d3649 |
||